Statistics for 原神所有角色

Click here to take the quiz!

General Stats

  • This quiz has been taken 3 times
  • The average score is 68 of 77

Answer Stats

元素星级武器类型% Correct
5单手剑旅行者
100%
4法器丽莎
100%
5单手剑艾尔海森
100%
5双手剑迪希雅
100%
5林尼
100%
5法器那维莱特
100%
5法器莱欧斯利
100%
5单手剑芙宁娜
100%
5单手剑刻晴
100%
4单手剑凯亚
100%
4单手剑行秋
100%
4法器芭芭拉
100%
4安柏
100%
4双手剑雷泽
100%
5法器纳西妲
100%
4迪奥娜
100%
4双手剑辛焱
100%
4长柄武器罗莎莉亚
100%
4法器烟绯
100%
4九条裟罗
100%
4长柄武器托马
100%
4五郎
100%
4法器鹿野院平藏
100%
4柯莱
100%
4珐露珊
100%
4单手剑琳妮特
100%
5法器流浪者
100%
5双手剑娜维娅
100%
5温迪
100%
5宵宫
100%
5法器可莉
100%
5达达利亚
100%
5双手剑迪卢克
100%
5长柄武器钟离
100%
5单手剑阿贝多
100%
5甘雨
100%
5长柄武器
100%
5长柄武器胡桃
100%
5双手剑优菈
100%
5单手剑
100%
5单手剑枫原万叶
100%
5单手剑七七
100%
5单手剑神里绫华
100%
5法器八重神子
100%
5长柄武器雷电将军
100%
5提纳里
100%
5法器莫娜
100%
5埃洛伊
100%
5夜兰
100%
5法器珊瑚宫心海
100%
5单手剑神里绫人
100%
5双手剑荒泷一斗
100%
5长柄武器申鹤
100%
4双手剑卡维
67%
4法器夏洛蒂
67%
4双手剑多莉
67%
4单手剑绮良良
67%
4长柄武器坎蒂丝
67%
4单手剑莱依拉
67%
4长柄武器瑶瑶
67%
5单手剑妮露
67%
4法器砂糖
67%
4单手剑久岐忍
67%
4长柄武器云堇
67%
4双手剑早柚
67%
5长柄武器赛诺
67%
4双手剑北斗
67%
4菲谢尔
67%
4单手剑班尼特
67%
4长柄武器香菱
67%
4双手剑诺艾尔
67%
4法器凝光
67%
4双手剑重云
67%
4长柄武器夏沃蕾
67%
4长柄武器米卡
33%
4双手剑菲米尼
33%
5法器白术
33%

Score Distribution

Percentile by Number Answered

Percent of People with Each Score

Your Score History

You have not taken this quiz